[Event "48th Mar Del Plata Open"]
[Site "Mar del Plata ARG"]
[Date "2017.04.09"]
[Round "3.9"]
[White "De Dovitiis,A"]
[Black "Balzano,I"]
[Result "1-0"]
[WhiteElo "2327"]
[BlackElo "2150"]

1.d4 Nf6 2.c4 c5 3.d5 e6 4.Nc3 exd5 5.cxd5 d6 6.Nf3 g6 7.g3 Bg7 8.Bg2 O-O
9.O-O Na6 10.Bf4 Nc7 11.a4 a6 12.e4 Bg4 13.Qb3 Bxf3 14.Bxf3 b5 15.axb5 Rb8
16.b6 Nb5 17.Nxb5 Rxb6 18.Ra5 Qb8 19.Rc1 Rc8 20.Qe3 axb5 21.b4 Nd7 22.Bg4 Bd4
23.Qd2 Rb7 24.Ra6 Be5 25.Bxd7 Bxf4 26.Qxf4 Rxd7 27.bxc5 dxc5 28.Rxc5 Qb7
29.Rxc8+ Qxc8 30.Rc6 Qd8 31.Qc1 Qa5 32.Kg2 Qa4 33.Qf4 Qd4 34.Qe3 Qb2 35.Qc3 Qxc3
36.Rxc3 Rb7 37.d6 Rd7 38.e5 b4 39.Rc7 Rd8 40.Rb7 f6 41.e6 Rxd6 42.Rb8+ Kg7
43.e7  1-0

[Event "5th Hofheim Spring Open"]
[Site "Hofheim GER"]
[Date "2017.04.10"]
[Round "7.14"]
[White "Wolf,UlrichM"]
[Black "Kreiling,C"]
[Result "1/2-1/2"]
[WhiteElo "2166"]
[BlackElo "2057"]

1.d4 Nf6 2.Nf3 c5 3.d5 e6 4.c4 exd5 5.cxd5 d6 6.Nc3 g6 7.e4 Bg7 8.Be2 O-O
9.O-O a6 10.a4 Bg4 11.Nd2 Bxe2 12.Qxe2 Nbd7 13.Re1 Re8 14.Qf1 Qc7 15.h3 Rab8
16.a5 Rbc8 17.Ra4 Nb8 18.Nc4 Nfd7 19.Bf4 Ne5 20.Nb6 Rcd8 21.Bg5 f6 22.Bd2 g5
23.Rc1 Nbd7 24.Nxd7 Qxd7 25.Rb1 Rc8 26.b3 h6 27.h4 Qg4 28.f3 Qxh4 29.Qf2 Qxf2+  1/2-1/2

[Event "17th BCC Open 2017"]
[Site "Cha-Am THA"]
[Date "2017.04.12"]
[Round "5.26"]
[White "Lye,Lik Zang"]
[Black "Zhang,Ziji"]
[Result "1-0"]
[WhiteElo "2095"]
[BlackElo "2318"]

1.d4 Nf6 2.c4 e6 3.Nf3 c5 4.d5 exd5 5.cxd5 d6 6.Nc3 g6 7.e4 Bg7 8.Be2 O-O
9.Nd2 Re8 10.O-O Na6 11.f3 Nc7 12.a4 b6 13.Nc4 Ba6 14.Bg5 Rb8 15.Qd2 Bxc4
16.Bxc4 a6 17.Qd3 Qc8 18.Bf4 Rd8 19.e5 Nh5 20.Bg5 Bxe5 21.Bxd8 Qxd8 22.g3 b5
23.axb5 axb5 24.Nxb5 Nxb5 25.Bxb5 Qg5 26.Ra4 Bd4+ 27.Kh1 Qxd5 28.b3 Qe6 29.Ra2 Qh3
30.Rg2 Ra8 31.Qe2 d5 32.Rd1 Ng7 33.Bc6 Rd8 34.Qe7 Rf8 35.Bd7 Qh5 36.Bg4 Qh6
37.f4 Nf5 38.Bxf5 gxf5 39.g4 fxg4 40.Rxg4+ Kh8 41.f5 Rg8 42.Rxg8+ Kxg8 43.Qd8+ Kg7
44.Qxd5 Qf4 45.b4 Be5 46.Qg2+ Kf6 47.bxc5 Qa4 48.Rf1 h5 49.c6 Qc4 50.Qf3 Qh4
51.Rf2 Qd4 52.Rc2 Qb4 53.Kg2 Qa4 54.Re2 Qc4 55.Qe4 Bd4 56.c7  1-0

[Event "17th BCC Open 2017"]
[Site "Cha-Am THA"]
[Date "2017.04.13"]
[Round "6.34"]
[White "Saeheng,B"]
[Black "Hng,Mei-En Emmanuelle"]
[Result "1/2-1/2"]
[WhiteElo "2212"]
[BlackElo "1951"]

1.d4 Nf6 2.c4 e6 3.Nc3 c5 4.d5 exd5 5.cxd5 d6 6.Nf3 g6 7.Bf4 Bg7 8.e3 O-O
9.Be2 Na6 10.Nd2 Nc7 11.Nc4 Nfe8 12.a4 f5 13.h4 b6 14.Qb3 Ba6 15.Nb5 Bxb5
16.axb5 Kh8 17.Rd1 a6 18.Na3 axb5 19.Nxb5 Nxb5 20.Bxb5 Ra5 21.Be2 h6 22.O-O Rf7
23.Ra1 Rfa7 24.Rxa5 Rxa5 25.Rb1 Nf6 26.Qd1 Ra8 27.Qd3 Ne4 28.Bf3 Ra4 29.b3 Rb4
30.g4 Qxh4 31.Rf1 Ng5 32.Bxg5 Qxg5 33.Be2 fxg4 34.Kg2 h5 35.Rh1 Kg8 36.Kg1 g3
37.f4 Qf6 38.Kg2 h4 39.Kf3 g5 40.Qa6 gxf4 41.Qc8+ Kh7 42.Bd3+ Kh6 43.Rxh4+ Qxh4
44.Qe6+ Qf6 45.Qh3+ Kg5 46.Qg4+ Kh6 47.Qh3+ Kg5 48.Qg4+ Kh6 49.Qh3+ Kg5  1/2-1/2

[Event "1st Fischer Mem GM 2017"]
[Site "Heraklion GRE"]
[Date "2017.04.24"]
[Round "9.3"]
[White "Mitsis,Georgios"]
[Black "Kourkoulos Arditis,Stamatis"]
[Result "1-0"]
[WhiteElo "2239"]
[BlackElo "2365"]

1.d4 Nf6 2.Nf3 e6 3.c4 c5 4.d5 exd5 5.cxd5 d6 6.Nc3 g6 7.e4 Bg7 8.Be2 O-O
9.Nd2 Re8 10.O-O Nbd7 11.f3 Ne5 12.a4 Bd7 13.Ra3 Rc8 14.Nc4 Nxc4 15.Bxc4 Nh5
16.Ne2 f5 17.exf5 gxf5 18.Qc2 Qh4 19.f4 Qe7 20.Ng3 Bd4+ 21.Kh1 Ng7 22.Ne2 a6
23.a5 Bb5 24.Bxb5 axb5 25.Nxd4 cxd4 26.Qd2 Rc4 27.Rd3 Rec8 28.Re1 Qf6 29.Rd1 Nh5
30.Qe1 Kf8 31.Bd2 Re8 32.Qf1 Qh6 33.Rh3 Qg6 34.b3 Rc2 35.Rf3 Qg4 36.Qd3 Nxf4
37.Qf1 Ng6 38.Rxf5+ Kg8 39.h3 Qe4 40.Re1 Qxe1 41.Bxe1 Rc1 42.Qxb5 Rcxe1+
43.Kh2 R8e7 44.Qd3 R7e4 45.b4 R1e3 46.Qd1 Re1 47.Qc2 R1e2 48.Qc8+ Kg7 49.Qxb7+ Re7
50.Qb6 Rxg2+ 51.Kxg2 Nh4+ 52.Kf2 Nxf5 53.Qb5 Re3 54.Qd7+ Kg6 55.a6 Ra3 56.a7 Ra2+
57.Ke1 d3 58.Qe8+  1-0

[Event "PSS IM Norm 2017"]
[Site "Johannesburg RSA"]
[Date "2017.04.27"]
[Round "2.4"]
[White "Sriram,J"]
[Black "Jere,D"]
[Result "0-1"]
[WhiteElo "2396"]
[BlackElo "2384"]

1.d4 Nf6 2.c4 c5 3.d5 e6 4.Nc3 exd5 5.cxd5 d6 6.Nf3 g6 7.Nd2 Bg7 8.e4 O-O
9.Be2 Re8 10.O-O a6 11.a4 Nbd7 12.Qc2 Rb8 13.Nc4 Nb6 14.Na3 Qe7 15.Re1 Nfd7
16.a5 Na8 17.Nc4 Ne5 18.Bf4 b5 19.axb6 Nxc4 20.Bxc4 Rxb6 21.Ra2 Nc7 22.Bg3 h5
23.h3 Bd4 24.Re2 Nb5 25.Bxb5 axb5 26.b3 b4 27.Nb1 Ba6 28.Re1 Qg5 29.Rd1 Qxg3
30.Rxd4 Qe5 31.Rd1 Qxe4 32.Qb2 Bb7 33.f3 Qe5 34.Qd2 Bxd5 35.Qxd5 Qxd5 36.Rxd5 Re1+
37.Kf2 Rxb1 38.Rd3 Rc1 39.Ke2 Rc3 40.Kd2 Rxd3+ 41.Kxd3 d5 42.Ra5 Rc6 43.Ra8+ Kg7
44.Rd8 c4+ 45.Kc2 Ra6 46.Rxd5 Ra2+ 47.Kb1 cxb3 48.g4 h4 49.Rd3 Rh2 50.f4 Rf2
51.f5 gxf5 52.gxf5 Rxf5 53.Rd4 Rf3 54.Rxh4 f5 55.Kb2 Kg6 56.Rh8 Re3 57.Rg8+ Kf7
58.Rh8 Kg7 59.Rh4 Kg6 60.Rh8 f4 61.Rf8 Kg5 62.Rg8+ Kf5 63.Rf8+ Ke4 64.Rh8 Rg3
65.h4 Rh3 66.h5 f3 67.h6 f2 68.Re8+ Kd3 69.Rd8+ Ke2 70.Re8+ Kf1 71.Re6 Rh1
72.Kxb3 Kg2 73.Rg6+ Kf3 74.Rf6+ Ke3 75.Re6+ Kd4  0-1

[Event "Zonal 2.4 2017"]
[Site "Florianopolis BRA"]
[Date "2017.04.28"]
[Round "3.26"]
[White "Andrade Fiaes,M"]
[Black "Correa,Jose Augusto"]
[Result "1/2-1/2"]
[WhiteElo "2154"]
[BlackElo "1966"]

1.d4 Nf6 2.c4 c5 3.d5 e6 4.Nc3 exd5 5.cxd5 d6 6.Nf3 g6 7.Bf4 a6 8.a4 Bg7
9.g3 O-O 10.Bg2 Qe7 11.Nd2 Nh5 12.Be3 f5 13.Nc4 Nd7 14.Qd2 Ne5 15.Nb6 Rb8
16.Bg5 Bf6 17.Bxf6 Qxf6 18.e3 Rd8 19.O-O g5 20.Qd1 Ng7 21.Re1 h5 22.a5 Kf7
23.Ra4 Bd7 24.Nxd7 Nxd7 25.h4 b5 26.axb6 Rxb6 27.Qa1 Rdb8 28.hxg5 Qxg5 29.Rxa6 Rxb2
30.Rxd6 Ne5 31.Nd1 Nd3 32.Nxb2 Rxb2 33.Rf1 h4 34.Qa6 Nxf2 35.Rxf2 Qxe3 36.Rd7+ Kg8
37.Qc8+ Ne8 38.Rg7+ Kxg7 39.Qxf5 Qxf2+ 40.Qxf2 Rxf2 41.Kxf2 hxg3+ 42.Kxg3 Kf7
43.Kf4 Ke7 44.Ke5 Nd6 45.Bf1 Nf7+ 46.Ke4 Kd6 47.Bc4 Ne5 48.Be2 Nd7 49.Bc4 Nf6+
50.Kd3 Nxd5 51.Bxd5 Kxd5 52.Kc3 c4 53.Kd2 Kd4 54.Kc2 Kc5 55.Kc3 Kb5 56.Kb2 Kb4
57.Kc2 c3 58.Kc1 Kc5 59.Kc2 Kc4 60.Kc1 Kd5 61.Kc2 Kd4 62.Kc1 Kd3 63.Kd1 Kd4
64.Kc2 Kc4 65.Kc1 Kb3 66.Kb1 Ka3 67.Kc2 Kb4 68.Kc1 Kb3  1/2-1/2

[Event "Zonal 2.5 2017"]
[Site "Villa Martelli ARG"]
[Date "2017.05.02"]
[Round "3.1"]
[White "Mareco,S"]
[Black "Bitelmajer,M"]
[Result "1-0"]
[WhiteElo "2655"]
[BlackElo "2440"]

1.d4 Nf6 2.c4 e6 3.Nf3 c5 4.d5 exd5 5.cxd5 d6 6.Nc3 g6 7.Bf4 a6 8.a4 Bg7
9.h3 O-O 10.e3 Qe7 11.Be2 Nbd7 12.O-O Ne8 13.Nd2 Rb8 14.Re1 f5 15.Bf1 Ne5
16.Bh2 Bd7 17.a5 Qd8 18.Qb3 b5 19.axb6 Rxb6 20.Qc2 Bb5 21.Nxb5 axb5 22.Ra5 Nc7
23.Nb1 Kh8 24.Nc3 b4 25.Na4 Rb7 26.Rd1 Ne8 27.Ra6 Nc7 28.Rc6 Ne8 29.Bxe5 Bxe5
30.b3 Nc7 31.Nb2 Bxb2 32.Qxb2+ Qf6 33.Qa1 Qxa1 34.Rxa1 Rd8 35.Bc4 Kg7 36.Kf1 Kf6
37.Ke2 Ke7 38.Kd3 Kd7 39.g4 Rf8 40.f4 Rf7 41.Ra2 Rf8 42.Ra1 Rf7 43.e4 fxe4+
44.Kxe4 Re7+ 45.Kf3 Rf7 46.h4 Rf8 47.Ra2 Rf7 48.g5 Rf5 49.Ke4 h5 50.gxh6 Rh5
51.Rg2 Rxh6 52.h5 gxh5 53.Rg7+ Kd8 54.Kf5 h4 55.Kg5 h3 56.Kxh6 h2 57.Rxd6+ Ke8
58.Be2 h1=Q+ 59.Bh5+ Qxh5+ 60.Kxh5 c4 61.Kg6 cxb3 62.Kf6  1-0

[Event "14th Balagna Rapid Open"]
[Site "Balagna FRA"]
[Date "2017.05.07"]
[Round "8.2"]
[White "Lazarev,V"]
[Black "Battaglini,G"]
[Result "1/2-1/2"]
[WhiteElo "2362"]
[BlackElo "2475"]

1.d4 Nf6 2.c4 e6 3.Nc3 c5 4.d5 exd5 5.cxd5 d6 6.Nf3 g6 7.h3 Bg7 8.e4 O-O
9.Bd3 Re8 10.O-O c4 11.Bc2 Nbd7 12.Be3 a6 13.a4 Qc7 14.a5 Nc5 15.Re1 Nfd7
16.Bd4 Ne5 17.Nxe5 Bxe5 18.Bxe5 Rxe5 19.Qd4 b5 20.axb6 Qxb6 21.Reb1 f5 22.Qxc4 fxe4
23.b4 Nd3 24.Nxe4 Rxe4 25.Qxd3 Rxb4 26.Qd2 Rb8 27.Qg5 Qd4 28.Re1 Qf4 29.Qd8+ Kg7
30.Re7+ Kh6 31.Qh8 Rb1+ 32.Rxb1 Rxb1+ 33.Bxb1 Qc1+ 34.Kh2 Qf4+ 35.Kg1 Qc1+
36.Kh2 Qf4+ 37.Kh1 Qc1+ 38.Kh2 Qf4+  1/2-1/2

[Event "Zonal 2.5 2017"]
[Site "Villa Martelli ARG"]
[Date "2017.05.07"]
[Round "8.16"]
[White "Dolezal,C"]
[Black "Balzano,I"]
[Result "1-0"]
[WhiteElo "2401"]
[BlackElo "2150"]

1.d4 Nf6 2.c4 c5 3.d5 e6 4.Nc3 exd5 5.cxd5 d6 6.Nf3 g6 7.Bf4 a6 8.a4 Bg7
9.h3 O-O 10.e3 Qe7 11.Bd3 Nbd7 12.O-O Ne8 13.e4 Ne5 14.Nxe5 Bxe5 15.Bxe5 Qxe5
16.f4 Qd4+ 17.Kh2 f5 18.exf5 gxf5 19.Qf3 Ng7 20.Rae1 Rf7 21.Bc2 Qf6 22.Qd3 Qh6
23.a5 Rb8 24.Qg3 Bd7 25.Ba4 Kh8 26.Bxd7 Rxd7 27.Na4 Rg8 28.Nb6 Rf7 29.Qc3 Qf6
30.Nc4 Qxc3 31.bxc3 Rf6 32.Rf3 Rg6 33.Re7 Nh5 34.Ne3 R8g7 35.Re8+ Rg8 36.Rxg8+ Kxg8
37.Nxf5 Rf6 38.g4 Kf8 39.c4 Ke8 40.Re3+ Kd8 41.Re4 Kc8 42.Ne7+  1-0

[Event "FSGM May 2017"]
[Site "Budapest HUN"]
[Date "2017.05.09"]
[Round "4.4"]
[White "Ilincic,Z"]
[Black "Abdyjapar,Asyl"]
[Result "1/2-1/2"]
[WhiteElo "2388"]
[BlackElo "2390"]

1.d4 Nf6 2.c4 e6 3.Nf3 c5 4.d5 exd5 5.cxd5 d6 6.Nc3 a6 7.a4 g6 8.g3 Bg7 9.Bg2 O-O
10.O-O Qe7 11.Nd2 Nbd7 12.a5 Rb8 13.h3 Ne8 14.e4 Nc7 15.Kh2 Nb5 16.Nxb5 axb5
17.Qb3 b4 18.Nc4 b5 19.axb6 Nxb6 20.Na5 Bd7 21.Be3 Bb5 22.Rfd1 Rfc8 23.Ra2 h6
24.Rda1 Kh7 25.Kg1 Bd7 26.Qd1 Ra8 27.Qb3 Qe8 28.Bf4 Be5 29.Bxe5 Qxe5 30.Nc4 Rxa2
31.Rxa2 Nxc4 32.Qxc4  1/2-1/2

[Event "FSGM May 2017"]
[Site "Budapest HUN"]
[Date "2017.05.12"]
[Round "6.5"]
[White "Pacher,M"]
[Black "Abdyjapar,Asyl"]
[Result "0-1"]
[WhiteElo "2450"]
[BlackElo "2390"]

1.d4 Nf6 2.c4 e6 3.Nc3 c5 4.d5 exd5 5.cxd5 d6 6.Nf3 a6 7.a4 g6 8.h3 Qe7 9.Bf4 Bg7
10.Nd2 O-O 11.Nc4 Rd8 12.e3 Ne8 13.Be2 Nd7 14.O-O Rb8 15.a5 Ne5 16.Bxe5 Bxe5
17.Ra3 Bg7 18.Rb3 Nc7 19.f4 Bd7 20.Qd2 Be8 21.Re1 f5 22.Bf3 Nb5 23.Nxb5 axb5
24.Nb6 c4 25.Rb4 Qc7 26.Rc1 Qc5 27.g4 Ra8 28.Nxa8 Rxa8 29.Rb3 Bd7 30.g5 Rc8
31.Kf2 Re8 32.h4 h5 33.Kg3 Kf7 34.Rc2 Re7 35.Kf2 Ke8 36.Rbc3 Qb4 37.b3 Qxa5
38.bxc4 Bxc3 39.Rxc3 bxc4 40.Qd4 Bb5 41.Rc1 Qa3 42.Ra1 Qc5 43.Qf6 Qxe3+ 44.Kg3 Kd7
45.Qxg6 Kc7 46.Qxf5 c3 47.Qc2 Kb8 48.f5 Bd3 49.Qxc3 Re4 50.Qh8+ Kc7 51.Qxh5 Rc4
52.Qf7+ Kb6 53.Ra2 Qe1+ 54.Rf2 Rc2 55.Qe6 Qxf2+ 56.Kg4 Rc4+ 57.Kh5 Qxf3+
58.Kg6 Qxf5+  0-1

[Event "German Int Juniors 2017"]
[Site "Stroebeck GER"]
[Date "2017.05.14"]
[Round "4.1"]
[White "Yankelevich,L"]
[Black "Sondergaard,Jesper Thybo"]
[Result "1/2-1/2"]
[WhiteElo "2447"]
[BlackElo "2449"]

1.d4 Nf6 2.c4 e6 3.Nc3 c5 4.d5 exd5 5.cxd5 d6 6.Nf3 g6 7.Bf4 a6 8.a4 Bg7
9.e3 O-O 10.h3 Re8 11.Nd2 Nbd7 12.Be2 Ne5 13.O-O Nfd7 14.Qc2 f5 15.Bh2 b6
16.Rae1 Nf6 17.f4 Nf7 18.Bf3 b5 19.Kh1 Bb7 20.Qb3 Rb8 21.axb5 axb5 22.g4 b4
23.Ncb1 Ba6 24.Rg1 Qc8 25.Rc1 Re7 26.Rg2 Kh8 27.Bg1 Bb7 28.Bf2 g5 29.Qd3 fxg4
30.hxg4 Qd7 31.Nc4 Rbe8 32.Nbd2 Kg8 33.Rcg1 h6 34.Rh2 Qd8 35.Bg3 Ba6 36.Qc2 Bb7
37.Qd3 Ba6 38.Qc2 Bb7 39.Qd3  1/2-1/2

[Event "Guillermo Garcia Premier 2"]
[Site "Santa Clara CUB"]
[Date "2017.05.19"]
[Round "4.3"]
[White "Quesada Perez,Luis Ernesto"]
[Black "Garcia Carey,O"]
[Result "1/2-1/2"]
[WhiteElo "2402"]
[BlackElo "2363"]

1.d4 Nf6 2.c4 c5 3.d5 e6 4.Nc3 exd5 5.cxd5 d6 6.Nf3 g6 7.Nd2 a6 8.a4 Nbd7
9.e4 Bg7 10.Be2 O-O 11.O-O Re8 12.Qc2 Qc7 13.Ra3 Rb8 14.Re1 Ne5 15.h3 c4
16.a5 b5 17.axb6 Rxb6 18.Nd1 Rb4 19.b3 c3 20.Nxc3 Nfd7 21.Nc4 Nxc4 22.bxc4 Nc5
23.Bf1 f5 24.Na4 Rxe4 25.Bd2 Rxa4 26.Rxa4 Rxe1  1/2-1/2

[Event "26th Guillermo Garcia Open"]
[Site "Santa Clara CUB"]
[Date "2017.05.20"]
[Round "5.1"]
[White "Marrero Castellanos,Roisbel"]
[Black "Diaz Perez,Michel Alejandro"]
[Result "0-1"]
[WhiteElo "2307"]
[BlackElo "2402"]

1.d4 Nf6 2.c4 c5 3.d5 e6 4.Nc3 exd5 5.cxd5 d6 6.Nf3 g6 7.Bf4 Bg7 8.Qa4+ Bd7
9.Qb3 b5 10.Bxd6 Qb6 11.Be5 O-O 12.e3 c4 13.Qd1 b4 14.Ne2 Bb5 15.a3 Nbd7
16.Bd4 Qb7 17.axb4 Nxd5 18.Bc3 N7f6 19.Ned4 Ne4 20.Qc2 Rfe8 21.Be2 Bd7 22.O-O Nxb4
23.Bxb4 Qxb4 24.Bxc4 Rac8 25.b3 a5 26.Qe2 Bg4 27.Qd3 Bxf3 28.gxf3 Bxd4 29.exd4 Nd6
30.Ra4 Qb6 31.Rfa1 Nf5 32.Rxa5 Qf6 33.Kh1 Re7 34.Rxf5 gxf5 35.Rg1+ Kh8 36.d5 Rg8
37.f4 Rxg1+ 38.Kxg1 Re1+ 39.Kg2 Qg7+ 40.Qg3 Qd4 41.d6 Qd1 42.Qc3+ Kg8 43.Qg3+ Kf8
44.Kh3 Rg1  0-1

[Event "Serik Open 2017"]
[Site "Serik TUR"]
[Date "2017.05.20"]
[Round "8.2"]
[White "Atalik,E"]
[Black "Ersahin,B"]
[Result "1/2-1/2"]
[WhiteElo "2431"]
[BlackElo "2138"]

1.d4 Nf6 2.c4 c5 3.d5 e6 4.Nc3 exd5 5.cxd5 d6 6.Nf3 g6 7.Nd2 Nbd7 8.e4 Bg7
9.Be2 O-O 10.O-O Re8 11.a4 a6 12.Nc4 Nb6 13.Nxb6 Qxb6 14.a5 Qd8 15.f3 Rb8
16.Be3 b5 17.axb6 Rxb6 18.Qd2 Nh5 19.g4 Nf6 20.Bf4 Qe7 21.Rae1 h5 22.h3 hxg4
23.hxg4 Nd7 24.Kg2 Ne5 25.Rh1 Bd7 26.Bh6 Bf6 27.g5 Bh8 28.Rh2 f5 29.gxf6 Bxf6
30.Reh1 Reb8 31.Qf4 Nf7 32.Qg3 g5 33.f4 Bxc3 34.Bxg5 Qxe4+ 35.Kf1 Qb1+ 36.Kg2 Qe4+
37.Kf1 Qb1+ 38.Kg2  1/2-1/2

[Event "52nd Capablanca Mem Open"]
[Site "Matanzas CUB"]
[Date "2017.05.27"]
[Round "1.24"]
[White "Marrero Castellanos,Roisbel"]
[Black "Otero Acosta,D"]
[Result "1/2-1/2"]
[WhiteElo "2307"]
[BlackElo "2438"]

1.d4 Nf6 2.c4 e6 3.Nc3 c5 4.d5 exd5 5.cxd5 d6 6.Nf3 g6 7.Bf4 Bg7 8.Qa4+ Bd7
9.Qb3 Qc7 10.e4 O-O 11.Nd2 Nh5 12.Be3 f5 13.exf5 gxf5 14.Be2 f4 15.Bxc5 Na6
16.Ba3 Rfe8 17.Nce4 Nf6 18.f3 Nxe4 19.Nxe4 Qa5+ 20.Kf1 Nc5 21.Bxc5 Rxe4 22.fxe4 Qxc5
23.Qxb7 Rd8 24.h3 Bf6 25.h4 Kh8 26.Rd1 a5 27.Qb3 Rg8 28.Qc4 Qb6 29.b3 f3
30.gxf3 Bh3+ 31.Ke1 Bxh4+ 32.Kd2 Bg5+ 33.Kc2 Rc8 34.Rxh3 Rxc4+ 35.Bxc4 Qf2+
36.Kd3 Qg2 37.Rhh1 Qxf3+ 38.Kc2 Qg2+ 39.Kd3 Qf3+ 40.Kc2 Qf2+ 41.Kd3  1/2-1/2

[Event "52nd Capablanca Mem Open"]
[Site "Matanzas CUB"]
[Date "2017.05.28"]
[Round "2.21"]
[White "Otero Acosta,D"]
[Black "Linares Napoles,O"]
[Result "1-0"]
[WhiteElo "2438"]
[BlackElo "2283"]

1.d4 Nf6 2.c4 e6 3.Nf3 c5 4.d5 exd5 5.cxd5 d6 6.Nc3 g6 7.Bf4 a6 8.a4 Bg7
9.h3 O-O 10.e3 Nh5 11.Bh2 f5 12.Be2 f4 13.O-O Nd7 14.Nd2 fxe3 15.fxe3 Rxf1+
16.Nxf1 Ne5 17.Bxh5 gxh5 18.Qxh5 Bd7 19.Ne4 Be8 20.Qf5 Bd7 21.Qh5 Be8 22.Qe2 Bg6
23.Nfd2 Qe7 24.Rf1 Re8 25.Bg3 Qd8 26.Rf4 Kh8 27.Bh4 Qb6 28.b3 Nd7 29.Nf6 Nxf6
30.Bxf6 c4 31.Bxg7+ Kxg7 32.Nxc4 Qxb3 33.a5 Re7 34.Kh2 Re4 35.Rxe4 Bxe4 36.Qg4+ Bg6
37.Qd4+ Kg8 38.Nxd6 Qc2 39.Nc4 Be4 40.Nd2  1-0

[Event "9th Capo d'Orso Open 2017"]
[Site "Porto Mannu Palau ITA"]
[Date "2017.06.05"]
[Round "3.14"]
[White "Lenz,G"]
[Black "Esposito,L"]
[Result "0-1"]
[WhiteElo "2031"]
[BlackElo "2196"]

1.d4 Nf6 2.c4 e6 3.Nf3 c5 4.d5 exd5 5.cxd5 d6 6.Nc3 g6 7.g3 Bg7 8.Bg2 O-O
9.O-O a6 10.a4 Re8 11.Nd2 Nbd7 12.Nc4 Ne5 13.Nxe5 Rxe5 14.Bf4 Re8 15.Qd2 Ng4
16.h3 Ne5 17.Bxe5 Bxe5 18.e4 Rb8 19.f4 Bg7 20.Kh2 b5 21.axb5 axb5 22.f5 Be5
23.Qh6 b4 24.fxg6 hxg6 25.Ra7 Re7 26.Qg5 Rd7 27.Qxd8+ Rxd8 28.Nd1 Rd7 29.Rxd7 Bxd7
30.Rf2 Ba4 31.Ne3 Bd4  0-1

[Event "10th Mayors Cup Open 2017"]
[Site "Mumbai IND"]
[Date "2017.06.06"]
[Round "4.36"]
[White "Raja,Rithvik R"]
[Black "Parmod,Kharbash"]
[Result "1-0"]
[WhiteElo "2155"]
[BlackElo "1716"]

1.d4 Nf6 2.c4 c5 3.d5 e6 4.Nc3 exd5 5.cxd5 d6 6.Nf3 g6 7.Nd2 a6 8.a4 Nbd7
9.e4 Bg7 10.Be2 O-O 11.O-O Re8 12.f4 c4 13.Bxc4 Nc5 14.e5 Ng4 15.Qf3 dxe5
16.h3 e4 17.Ndxe4 Nxe4 18.Nxe4 Bd4+ 19.Kh1 Qh4 20.Ra3 Bf5 21.Qg3 Qe7 22.Ng5 Nf2+
23.Kh2 Qc5 24.Ba2 Ne4 25.Nxe4 Bxe4 26.Be3 Rad8 27.Rd1 Bxe3 28.Qxe3 Qd6 29.Qf2 Re7
30.Rb3 Rde8 31.Rb6 Qd8 32.a5 Bxg2 33.Rd2 Be4 34.Bb3 Bd3 35.Qd4 Re2+ 36.Rxe2 Rxe2+
37.Kg3 Qe8 38.Re6 fxe6 39.dxe6 Qe7 40.Qd8+ Qxd8 41.e7+ Kg7 42.exd8=Q Be4
43.Qg8+ Kh6 44.Qf8+ Kh5 45.Bd1  1-0

[Event "8th Dolomiti Open 2017"]
[Site "Forni di Sopra ITA"]
[Date "2017.06.10"]
[Round "1.4"]
[White "Bettalli,Francesco"]
[Black "Castellanos Rodriguez,R"]
[Result "1/2-1/2"]
[WhiteElo "2182"]
[BlackElo "2488"]

1.d4 Nf6 2.c4 e6 3.Nf3 c5 4.d5 d6 5.Nc3 exd5 6.cxd5 g6 7.h3 Bg7 8.e4 O-O
9.Bd3 a6 10.a4 Nh5 11.O-O Nd7 12.Bg5 Bf6 13.Bh6 Re8 14.g4 Ng7 15.Bf4 Ne5
16.Nxe5 Bxe5 17.Bxe5 dxe5 18.Qc2 Qh4 19.Kg2 Nh5 20.Ne2 Bxg4 21.hxg4 Qxg4+
22.Kh2 Qh4+ 23.Kg2 Qg4+ 24.Kh2  1/2-1/2

[Event "44th OKU 2017"]
[Site "Utrecht NED"]
[Date "2017.06.11"]
[Round "6.4"]
[White "Peng Zhaoqin"]
[Black "Lalic,B"]
[Result "1/2-1/2"]
[WhiteElo "2386"]
[BlackElo "2445"]

1.d4 Nf6 2.c4 e6 3.Nf3 c5 4.d5 d6 5.Nc3 exd5 6.cxd5 g6 7.e4 a6 8.a4 Bg7 9.Nd2 Nbd7
10.Be2 O-O 11.O-O Re8 12.f4 c4 13.Kh1 Nc5 14.e5 dxe5 15.fxe5 Rxe5 16.Nxc4 Rf5
17.Bf3 Ng4 18.Ne3 Nxe3 19.Bxe3 Nd7 20.Qb3 Be5 21.Ne4 Nf6 22.Bg5 Qf8 23.Bxf6 Bxf6
24.Nxf6+ Rxf6 25.Rfe1 Rb8 26.Qc3 Rd6 27.Rac1 Bd7 28.a5 b6 29.b4 bxa5 30.bxa5 Bb5  1/2-1/2

[Event "Lasker Memorial 2017"]
[Site "Gorzow Wielkopolski POL"]
[Date "2017.06.12"]
[Round "1.3"]
[White "Shishkin,Va UKR"]
[Black "Aliavdin,N"]
[Result "1-0"]
[WhiteElo "2454"]
[BlackElo "2351"]

1.d4 Nf6 2.c4 c5 3.d5 e6 4.Nc3 exd5 5.cxd5 d6 6.Nf3 g6 7.Bf4 a6 8.a4 Bg7
9.h3 O-O 10.e3 Qe7 11.Be2 Nbd7 12.O-O Ne8 13.Re1 Ne5 14.Nd2 f5 15.Bg3 Rb8
16.f4 Nf7 17.e4 fxe4 18.Ndxe4 Bf5 19.Bf3 Qc7 20.Rc1 b5 21.axb5 axb5 22.b4 cxb4
23.Ne2 Qa7+ 24.Bf2 Qa4 25.Nd4 Nf6 26.Nc6 Rbe8 27.Ng3 Qxd1 28.Rexd1 b3 29.Nxf5 gxf5
30.Rb1 Ne4 31.Rxb3 Nh8 32.g3 Ng6 33.Be1 Nc5 34.Rxb5 Re3 35.Bg2 Nd3 36.Bf2 Nxf2
37.Kxf2 Rfe8 38.Bf3 Ra3 39.Rb8 Ra2+ 40.Kf1 Rxb8 41.Nxb8 Bc3 42.Nc6 Kf7 43.Rc1 Bd2
44.Rb1 Be3 45.Be2 Bc5 46.Nd8+ Ke7 47.Ne6 Kf6 48.Nxc5 dxc5 49.Rb6+ Kf7 50.Rb7+ Kf6
51.Rxh7 Rd2 52.Bh5  1-0

[Event "9th Rheinland-Pfalz Open 2017"]
[Site "Lambsheim GER"]
[Date "2017.06.16"]
[Round "4.4"]
[White "Commercon,S"]
[Black "Heider,M"]
[Result "1/2-1/2"]
[WhiteElo "2253"]
[BlackElo "2360"]

1.d4 Nf6 2.c4 c5 3.d5 e6 4.Nc3 exd5 5.cxd5 d6 6.Nf3 g6 7.g3 Bg7 8.Bg2 O-O
9.O-O Re8 10.Nd2 a6 11.a4 Nbd7 12.h3 Rb8 13.Nc4 Nb6 14.Na3 Bd7 15.a5 Nc8
16.Nc4 Bb5 17.Qb3 Bxc4 18.Qxc4 Nd7 19.Qd3 Ne5 20.Qc2 Na7 21.Ra4 Nb5 22.Kh2 Nd4
23.Qd1 b5 24.axb6 Qxb6 25.f4 Nd7 26.e3 Nb3 27.Rf2 c4 28.Rxc4 Ndc5 29.Ne4 Nxe4
30.Rxe4 Rxe4 31.Bxe4 Nxc1 32.Qxc1 Bxb2 33.Qd2 a5 34.Bc2 Qc5 35.Re2 Bc3 36.Qd3 Rb4
37.Qa6 Rb6 38.Qd3 Kg7 39.h4 Rb4 40.Qd1 Qc4 41.Qd3 Qxd3 42.Bxd3 a4 43.Kg2 a3
44.Kf3 h5 45.e4 Kf6 46.Kg2 Rb2 47.Rxb2 Bxb2 48.Bb1 Ke7 49.Kf3 f5 50.exf5 gxf5
51.Ke3 Bc3 52.Ke2 Bb4 53.Kd1 Bc5 54.Ke2 Bd4 55.Ke1 Kd8 56.Ke2 Bg1 57.Kf1 Bd4
58.Ke2 Bc5 59.Ke1 Bb4+ 60.Kd1 Ba5 61.Ke2 Kc7 62.Kd1 Kd8 63.Ke2 Bb6 64.Ke1 Bc5
65.Ke2 Kc7 66.Kd2 Bf2 67.Kc3 Bxg3 68.Kb3 Bxh4 69.Bxf5 Bg3 70.Bg6 h4 71.f5 Be5
72.Kxa3 Kb6 73.Kb4 h3 74.Bh5 Kc7 75.Kc4 Kd8 76.Kd3 Ke7 77.Ke4 Kf6 78.Kf3 h2
79.Kg2 Kxf5 80.Kh1 Ke4 81.Bf7 Kd4 82.Be6 Ke3 83.Bf7 Kf2 84.Be6 Ke1 85.Bf7  1/2-1/2

[Event "Silver Lake Open 2017"]
[Site "Veliko Gradiste SRB"]
[Date "2017.06.19"]
[Round "3.40"]
[White "Michalicka,M"]
[Black "Aytekin,Murat Eren"]
[Result "1-0"]
[WhiteElo "2210"]
[BlackElo "2063"]

1.d4 Nf6 2.c4 c5 3.d5 e6 4.Nc3 exd5 5.cxd5 d6 6.Nf3 g6 7.e4 Bg7 8.Bg5 h6
9.Bh4 a6 10.Nd2 b5 11.Be2 O-O 12.Qc2 g5 13.Bg3 Qe7 14.O-O Nbd7 15.a4 b4 16.Nd1 Ne5
17.Ne3 Nfg4 18.Bxg4 Nxg4 19.Nxg4 Bxg4 20.Nc4 Rad8 21.f3 Bc8 22.Rfe1 Bd4+
23.Bf2 Be5 24.Rad1 f6 25.Be3 Qg7 26.Qf2 Rde8 27.f4 gxf4 28.Bxf4 Bh3 29.Bg3 Bxg3
30.hxg3 Bg4 31.Nxd6 Bxd1 32.Nxe8 Rxe8 33.Rxd1 Qg4 34.Rf1 Qxe4 35.Qxf6 Qd4+
36.Qxd4 cxd4 37.Rd1 Re4 38.Kf2 Kf7 39.Rd3 h5 40.a5 Ke7 41.Kf3 Rg4 42.Rb3 Kd6
43.Rxb4 Kxd5 44.Rb6 Kc4 45.Rxa6 Kb3 46.Rd6 Kxb2 47.a6 Kc3 48.a7 Rg8 49.Ke2 Ra8
50.Ra6 Kb3 51.Rb6+ Kc2 52.Rc6+ Kb3 53.Rc7 Ka4 54.Kd3 Ka5 55.Kxd4 Kb6 56.Re7 Rg8
57.Ke4 Rg4+ 58.Kf5 Ra4 59.Kg5 Ra5+ 60.Kg6  1-0

[Event "Silver Lake Open 2017"]
[Site "Veliko Gradiste SRB"]
[Date "2017.06.19"]
[Round "3.2"]
[White "Rabrenovic,V"]
[Black "Damljanovic,B"]
[Result "0-1"]
[WhiteElo "2345"]
[BlackElo "2526"]

1.d4 Nf6 2.c4 e6 3.Nc3 c5 4.d5 exd5 5.cxd5 d6 6.Nf3 g6 7.Bg5 h6 8.Bh4 Bg7
9.e3 a6 10.a4 Bg4 11.Be2 Bxf3 12.Bxf3 O-O 13.O-O Nbd7 14.h3 Rb8 15.Be2 Qe7
16.Qc2 Rfc8 17.Bc4 Ne5 18.b3 Qe8 19.a5 b5 20.axb6 Nxc4 21.Bxf6 Bxf6 22.bxc4 Rxb6
23.Ra3 Bg7 24.Ne4 Rcb8 25.Nd2 Qe5 26.Qd3 Ra8 27.Nb3 f5 28.Na5 Re8 29.g3 Qe4
30.Qxe4 Rxe4 31.Ra2 Bc3 32.Rc1 Bxa5 33.Rxa5 Kf7 34.h4 Kf6 35.Rc3 g5 36.hxg5+ hxg5
37.Ra2 g4 38.Kf1 Rb4 39.Rxa6 Ke5 40.Ra8 Rexc4 41.Rd3 Rb1+ 42.Ke2 Rc2+ 43.Rd2 Rxd2+
44.Kxd2 Kxd5 45.Rf8 Rb2+ 46.Ke1 Ke4 47.Rf6 d5 48.Re6+ Kd3 49.Kf1 c4 50.Re5 Rb5  0-1

[Event "Silver Lake Open 2017"]
[Site "Veliko Gradiste SRB"]
[Date "2017.06.20"]
[Round "4.20"]
[White "Van Foreest,Lucas"]
[Black "Ezra,Paul Chambers"]
[Result "1-0"]
[WhiteElo "2488"]
[BlackElo "2037"]

1.d4 Nf6 2.c4 c5 3.d5 e6 4.Nc3 exd5 5.cxd5 d6 6.Nf3 g6 7.Bf4 Bg7 8.e3 O-O
9.h3 Na6 10.Bxa6 bxa6 11.Nd2 Nh5 12.Bh2 f5 13.O-O f4 14.Rc1 Qh4 15.Qe2 Rb8
16.Nf3 Qd8 17.b3 Bd7 18.Rfe1 Rb6 19.Qd2 Rb4 20.Kh1 fxe3 21.Qxe3 Nf4 22.a3 Rxb3
23.Bxf4 Rxc3 24.Rxc3 Bxc3 25.Rc1 Bb2 26.Rc2 Re8 27.Qb3 Bf6 28.Rc1 Bf5 29.Nd2 Bg7
30.Nc4 Re4 31.Bg3 Bh6 32.Rd1 Bf4 33.Bxf4 Rxf4 34.Kg1 h5 35.Ne3 Qb6 36.Qc3 Rd4
37.Re1 Bd3 38.Nc2 Bf5 39.Nxd4 cxd4 40.Qc6 d3 41.Qe8+ Kg7 42.Re7+ Kh6 43.h4 Qb1+
44.Kh2  1-0